Copa del Mundo de Fútbol 2026 - Todos Participantes - Estadísticas

Estadísticas generales
  • Esta prueba ha sido intentada 51 veces
    26 desde el último reinicio
  • La puntuación promedio es 11 de 24
Estadísticas de respuestas
País % Correcto
Argentina
95%
Brasil
91%
Canadá
77%
Ecuador
77%
México
77%
Estados Unidos
73%
Uruguay
73%
Colombia
64%
Japón
64%
Australia
59%
Paraguay
50%
Corea del Sur
41%
Jordania
41%
Cabo Verde
36%
Irán
36%
Uzbekistán
36%
Egipto
27%
Argelia
18%
Ghana
18%
Senegal
18%
Túnez
9%
Novela Zelandia
5%
Africa del Sud
0%
Moroc
0%
No se encontraron pruebas coincidentes
Distribución de puntuación
Porcentaje de gente con cada puntuación
Porcentaje por número respondido
Historial de tus puntuaciones
No has intentado esta prueba desde el último reinicio